Religion catholique : saint François d'Assise - Statistiques

Statistiques générales
  • Ce quiz a été pris 44 fois
  • Le résultat moyen est 10 sur 20
Statistiques - réponses
Questions Réponses % Correct
Ordre religieux fondé par saint François d'Assise. L'Ordre des Frères mineurs
95%
Marques des plaies du corps du Christ dont saint François serait la première personne sur laquelle elles se sont manifestées au cours d'une vision mystique qu'il a eue sur l'Alverne, deux ans avant son décès. Les stigmates
87%
Citez les trois vœux évangéliques représentés par les trois nœuds de la corde de bure blanche que porte les membres de l'ordre précédent (réponse #4). Le vœu de chasteté
82%
Citez les trois vœux évangéliques représentés par les trois nœuds de la corde de bure blanche que portent les membres de l'ordre précédent (réponse #4). Le vœu de pauvreté
82%
Siècle au cours duquel saint François d'Assise mena sa vie de prière et de méditation. Le XIIIe siècle
82%
Êtres vivants dont François d'Assise est le saint patron. Les animaux
74%
Chant religieux composé par saint François d'Assise, écrit en dialecte de sa région (réponse #1) et traduit dans de nombreuses langues depuis : le _____ des Créatures. Le Cantique des Créatures
67%
Citez les trois vœux évangéliques représentés par les trois nœuds de la corde de bure blanche que porte les membres de l'ordre précédent (réponse #4). Le vœu d'obéissance
62%
Qualificatif qui se rapporte à cet ordre, se dit d'un ordre religieux qui dépend de la charité publique pour vivre. Un ordre mendiant
56%
La canonisation de saint François fut la plus rapide à son époque. Record seulement dépassé depuis par Pierre de Vérone et Antoine de Padoue. Nombre d'années (réponse en toutes lettres) séparant le décès de saint François de sa canonisation. Deux ans
54%
Créature céleste possédant trois paires d'ailes. Le Christ S'est manifesté sous la forme de cette créature dans la vision qu'a eue saint François, deux ans avant son décès. Un séraphin
38%
Région actuelle de l'Italie dans laquelle se situe Assise. L'Ombrie
36%
Croisade durant laquelle saint François évangélisa le sultan Malik al-Kamil en espérant sa conversion, ce qui a suscité au XXe siècle après Vatican II, le mythe non vérifié par les faits de saint François comme précurseur du "dialogue interreligieux" ayant une bonne image de l'islam. La cinquième croisade
31%
Peintre italien qui réalisa trois tableaux sur saint François dont un également nommé "Saint François en extase" ainsi que "La Nativité avec saint François et saint Laurent" volé en 1969 et toujours introuvable. Le Caravage
31%
Peintre crétois, principalement actif en Espagne qui réalisa le très intense tableau "Saint François en extase" (en 1600) qui s'inscrit de le contexte de la Contre-réforme catholique. Le Greco
31%
Ville du nord-est de l'Italie actuelle sur l'Adriatique où saint François fonda cette association. Bologne
26%
Compositeur hongrois, auteur de "Saint François d'Assise- La Prédication aux oiseaux". Compositeur qui allait rejoindre à la fin de sa vie l'association laïque fondée plusieurs siècles auparavant par saint François (réponse #8). Franz Liszt
23%
Acteur américain qui incarna saint François dans le film "Francesco" de Liliana Cavani, sorti en 1989. Mickey Rourke
21%
Pape qui approuva la fondation de cet ordre (réponse #4). Innocent III
18%
Association pieuse et laïque fondée par saint François d'Assise à la demande de personnes mariées voulant vivre à l'exemple des frères de l'ordre précédent (réponse #4). Le Tiers-Ordre franciscain
18%
Aucun quiz correspondant
Distribution des résultats
% des personnes avec chaque résultat
Percentile par nombre de réponses
Votre historique - résultats
Vous n’avez pas pris ce quiz